جوگ بہشت : (Record no. 108702)

MARC details
000 -LEADER
fixed length control field 00947nam a22002657a 4500
005 - DATE AND TIME OF LATEST TRANSACTION
control field 20170123162343.0
010 ## - LIBRARY OF CONGRESS CONTROL NUMBER
LC control number A-645411
020 ## - INTERNATIONAL STANDARD BOOK NUMBER
Terms of availability 40.00
035 ## - SYSTEM CONTROL NUMBER
System control number A-645411
037 ## - SOURCE OF ACQUISITION
Source of stock number/acquisition Cen Lib/Ret
040 ## - CATALOGING SOURCE
Original cataloging agency DPL
Language of cataloging UR
082 ## - DEWEY DECIMAL CLASSIFICATION NUMBER
Classification number 230.1
Item number م ح م
100 ## - MAIN ENTRY--PERSONAL NAME
Personal name محمّد دارا شکوہ
9 (RLIN) 376
245 ## - TITLE STATEMENT
Title جوگ بہشت :
Remainder of title محمّد دارا شکوہ ؛ مرتجم ابو الحسن
Statement of responsibility, etc منہاج السّالکین /
246 ## - VARYING FORM OF TITLE
Title proper/short title Jog basht : manhaaj assalkain /
Remainder of title by Mohammad Dara Shikoh ; translated by Abul Hasan
260 ## - PUBLICATION, DISTRIBUTION, ETC. (IMPRINT)
Place of publication, distribution, etc پٹنہ
Name of publisher, distributor, etc خدا بخش ورئیےنٹل پبلک لائبریری
Date of publication, distribution, etc 1992
270 ## - ADDRESS
City پٹنہ
300 ## - PHYSICAL DESCRIPTION
Extent 322p.
Dimensions 21cm(Hb)
650 ## - SUBJECT ADDED ENTRY--TOPICAL TERM
Topical term or geographic name as entry element عیسائیت
9 (RLIN) 129647
650 ## - SUBJECT ADDED ENTRY--TOPICAL TERM
Topical term or geographic name as entry element مسیحی الہیات
9 (RLIN) 117512
650 ## - SUBJECT ADDED ENTRY--TOPICAL TERM
Topical term or geographic name as entry element Christianity
9 (RLIN) 3734
650 ## - SUBJECT ADDED ENTRY--TOPICAL TERM
Topical term or geographic name as entry element Christian theology
9 (RLIN) 129648
700 ## - ADDED ENTRY--PERSONAL NAME
Personal name ابو الحسن
9 (RLIN) 460
942 ## - ADDED ENTRY ELEMENTS (KOHA)
Source of classification or shelving scheme Dewey Decimal Classification
Koha item type Urdu Bks
Classification part 230.1
Call number suffix م ح م
Holdings
Withdrawn status Lost status Damaged status Not for loan Home library Current library Date acquired Source of acquisition Cost, normal purchase price Total Checkouts Full call number Barcode Date last seen Copy number Cost, replacement price Price effective from Koha item type
        Central Library Central Library 02/02/2016 Cen Lib/Ret 40.00   230.1 م ح م A-645411 02/02/2016 1 40.00 02/02/2016 Urdu Bks

© Delhi Public Library
Hit Counter
free hit counter